Das romantische Lied aus Pressburg

Titel: Das romantische Lied aus Pressburg = Romantická pieseň z Prešporka
darin enthalten: Drei Lieder: Widmung / Štefan Németh-Šamorínsky ; Ebba von Steindler
Drei Lieder: Orgeltöne / Štefan Németh-Šamorínsky ; Ebba von Steindler
Drei Lieder: Der schwere Abend / Štefan Németh-Šamorínsky ; Nikolaus Lenau
Pät' slovenských l'udových piesní / Béla Bartók
Zwei Lieder Op. 4, Nr. 1: Waldesgespräch, Du bist wie eine Blume / Karl Mayrberger ; Joseph Karl Benedikt von Eichendorff ; Heinrich Heine
Drei Lieder: Mein Herz, Wiegenliedchen, Rosenzeit / Alexander Albrecht ; Hermann Hesse ; Albert Roderich
Lied (aus Liedercyklus Op. 12): Wenn du gehst von mir / Ludwig Burger ; Peter Rosegger
Sechs Gedichte, Op. 14, 1905-1906 / Ernst von Dohnányi ; Victor Heindl
Beteiligt: ; ; ; ; ; ; ;
Veröffentlicht: [Bratislava] : Music Centre Slovakia, 2020
Umfang: 1 CD ; 12 cm + 1 Booklet (28 ungezählte Seiten)
Format: Tonträger
Sprache: Slowakisch; Deutsch
Schlagworte:
Kein Bild verfügbar
X
alg: 48812704
001A    $03004:29-11-21 
001B    $01999:29-11-21 $t22:29:55.000 
001D    $03004:29-11-21 
001U    $0utf8 
001X    $00 
002@    $0Gau 
002C    $aaufgeführte Musik $bprm $2rdacontent 
002D    $aaudio $bs $2rdamedia 
002E    $aAudiodisk $bsd $2rdacarrier 
003@    $0488127041 
003O    $01286619668 $aOCoLC 
004E/01 $0HC 10055 
004E/01 $0R35 0041-2-131 
007A    $0488127041 $aHEB 
010@    $aslo $ager 
010E    $erda 
011@    $a2020 $n2020 
021A    $aDas @romantische Lied aus Pressburg $fRomantická pieseň z Prešporka 
028C    $BSänger $4sng $71016005059 $8Šelc, Tomáš [Tp3] $9277148782 
028C    $BInstrumentalmusiker $4itr $8Pažický, Peter [Tnu] $9488126282 
028C    $BKomponist $#Németh, Stefan $#Šamorínsky, Štefan Nemeth- $#Samorinsky, Stefan N.- $4cmp $71025750969 $8Németh-Šamorínsky, Štefan$Z1896-1975 [Tp1] $9307874834 
028C    $BKomponist $#Bartók, Béla $#Bartók, B. $#Bartók, ... $#Bartók, Béla Viktor János $#Bartók-Reschofsky, ... $#Bartók-Székely, ... $#Bartók-Szigeti, ... $#Bartok, Bela $#Bartók, B. $#Барток, Бела $4cmp $7118506900 $8Bartók, Béla$Z1881-1945 [Tp1] $9086848038 
028C    $BKomponist $4cmp $71020425431 $8Mayrberger, Karl$Z1828-1881 [Tp1] $9290976413 
028C    $BKomponist $4cmp $7116279419 $8Albrecht, Alexander$Z1885-1958 [Tp1] $9150255497 
028C    $BKomponist $4cmp $7117186112 $8Burger, Ludwig$Z1850-1936 [Tp1] $9151014698 
028C    $BKomponist $#Dohnányi, Ernő, 1877-1960 $#Dohnányi, Ernő $#Dohnányi, ... $#Dohnányi, Ernö $#Dohnány, Ernst von $#Dohnáni, Ernst von $#Dohnanji, ... $#Dohnányi, Erno $#Dohnányi, Ernő von $#Von Dohnányi, Ernst $4cmp $7119110016 $8Dohnányi, Ernst$cvon$Z1877-1960 [Tp1] $9087450186 
033A    $p[Bratislava] $nMusic Centre Slovakia 
034D    $a1 CD 
034I    $a12 cm 
034K    $a1 Booklet (28 ungezählte Seiten) 
037B    $aNahrané 22.-23. a 29. augusta 2020 v Koncertnej sieni Eugena Suchoňa, Konzervatórium v Bratislave 
039B    $pJahrgang 53.2021, Nr. 10 $aBeigelegt in $tHudobný život $51335-4140 
044K    $RPreßburg $#Bratysława $#Brezalauspurc $#Hlavné Mesto SR Bratislava $#Preßburg $#Preßburg 1919- $#Pozsony 1919- $#Pisonium $#Posonium $#Pozsony $#Pressburg $#Posony $#Posonii $71063318696 $8Bratislava [Tg1] $9351201084 
044K    $RLied $#Songs $#Lieder $#Lieder $74166040-7 $8Kunstlied [Ts1] $9085745715 
044K    $RBiedermeier $#Romanticism $#Romantisme $#Romanticismo $#Romantik $#Frühromantik $#Spätromantik $74050491-8 $8Romantik [Ts1] $9085140775 
045F    $a780.9437309034 $eDDC23BSB 
045F/01 $a780.9 
045F/03 $f09034 
045F/03 $f0904 
045F/03 $g4373 
045R    $aGeschichte 1850-1960 
046M    $tDrei Lieder: Widmung $hŠtefan Németh-Šamorínsky ; Ebba von Steindler 
046M    $tDrei Lieder: Orgeltöne $hŠtefan Németh-Šamorínsky ; Ebba von Steindler 
046M    $tDrei Lieder: Der schwere Abend $hŠtefan Németh-Šamorínsky ; Nikolaus Lenau 
046M    $tPät' slovenských l'udových piesní $hBéla Bartók 
046M    $tZwei Lieder Op. 4, Nr. 1: Waldesgespräch, Du bist wie eine Blume $hKarl Mayrberger ; Joseph Karl Benedikt von Eichendorff ; Heinrich Heine 
046M    $tDrei Lieder: Mein Herz, Wiegenliedchen, Rosenzeit $hAlexander Albrecht ; Hermann Hesse ; Albert Roderich 
046M    $tLied (aus Liedercyklus Op. 12): Wenn du gehst von mir $hLudwig Burger ; Peter Rosegger 
046M    $tSechs Gedichte, Op. 14, 1905-1906 $hErnst von Dohnányi ; Victor Heindl 
046S    $aTomáš Šelc, spev, Gesang ; Peter Pažický, klavír, Klavier 

lok: 48812704 24

exp: 48812704 24 1 #EPN
201B/01 $029-11-21 $t12:20:26.000 
201C/01 $029-11-21 
201U/01 $0utf8 
203@/01 $01173625305 
208@/01 $a29-11-21 $bz 
209A/01 $aERes 1146 $du $f050 $hERES 1146 $x00 
209C/01 $a21.06365 G $h21 06365 G 
209G/01 $a74142702 $x00 
220C/01 $asbl 
237A/01 $aAUDIO-CD 
247C/01 $8358050-7 Marburg, Bibliothek des Herder-Instituts Marburg $9102600961
LEADER 00000cjm a2200000 c 4500
001 488127041
003 DE-603
005 20211129222955.0
007 s|||||||||||||
008 211129s2020 xx |||||||||||||||||slo c
028 5 2 |a HC 10055 
028 5 2 |a R35 0041-2-131 
035 |a (DE-599)HEB488127041 
035 |a (OCoLC)1286619668 
040 |a DE-603  |b ger  |c DE-603  |d DE-603  |e rda 
041 |a slo  |a ger 
082 0 4 |8 1\u  |a 780.9437309034  |q DE-101  |2 23/BSB 
085 |8 1\u  |b 780.9 
085 |8 1\u  |z 1  |s 09034 
085 |8 1\u  |z 1  |s 0904 
085 |8 1\u  |z 2  |s 4373 
245 0 0 |a ˜Dasœ romantische Lied aus Pressburg  |b = Romantická pieseň z Prešporka 
264 1 |a [Bratislava]  |b Music Centre Slovakia  |c 2020 
300 |a 1 CD  |c 12 cm  |e 1 Booklet (28 ungezählte Seiten) 
336 |a aufgeführte Musik  |b prm  |2 rdacontent 
337 |a audio  |b s  |2 rdamedia 
338 |a Audiodisk  |b sd  |2 rdacarrier 
505 8 0 |t Drei Lieder: Widmung  |r Štefan Németh-Šamorínsky ; Ebba von Steindler 
505 8 0 |t Drei Lieder: Orgeltöne  |r Štefan Németh-Šamorínsky ; Ebba von Steindler 
505 8 0 |t Drei Lieder: Der schwere Abend  |r Štefan Németh-Šamorínsky ; Nikolaus Lenau 
505 8 0 |t Pät' slovenských l'udových piesní  |r Béla Bartók 
505 8 0 |t Zwei Lieder Op. 4, Nr. 1: Waldesgespräch, Du bist wie eine Blume  |r Karl Mayrberger ; Joseph Karl Benedikt von Eichendorff ; Heinrich Heine 
505 8 0 |t Drei Lieder: Mein Herz, Wiegenliedchen, Rosenzeit  |r Alexander Albrecht ; Hermann Hesse ; Albert Roderich 
505 8 0 |t Lied (aus Liedercyklus Op. 12): Wenn du gehst von mir  |r Ludwig Burger ; Peter Rosegger 
505 8 0 |t Sechs Gedichte, Op. 14, 1905-1906  |r Ernst von Dohnányi ; Victor Heindl 
511 0 |a Tomáš Šelc, spev, Gesang ; Peter Pažický, klavír, Klavier 
518 |a Nahrané 22.-23. a 29. augusta 2020 v Koncertnej sieni Eugena Suchoňa, Konzervatórium v Bratislave 
648 7 |a Geschichte 1850-1960  |2 gnd 
650 7 |a Kunstlied  |0 (DE-588)4166040-7  |0 (DE-603)085745715  |2 gnd 
650 7 |a Romantik  |0 (DE-588)4050491-8  |0 (DE-603)085140775  |2 gnd 
651 7 |a Bratislava  |0 (DE-588)1063318696  |0 (DE-603)351201084  |2 gnd 
700 1 |a Šelc, Tomáš  |e Sänger  |4 sng  |0 (DE-603)277148782  |0 (DE-588)1016005059  |2 gnd 
700 1 |a Pažický, Peter  |e Instrumentalmusiker  |4 itr  |0 (DE-603)488126282 
700 1 |a Németh-Šamorínsky, Štefan  |d 1896-1975  |e Komponist  |4 cmp  |0 (DE-603)307874834  |0 (DE-588)1025750969  |2 gnd 
700 1 |a Bartók, Béla  |d 1881-1945  |e Komponist  |4 cmp  |0 (DE-603)086848038  |0 (DE-588)118506900  |2 gnd 
700 1 |a Mayrberger, Karl  |d 1828-1881  |e Komponist  |4 cmp  |0 (DE-603)290976413  |0 (DE-588)1020425431  |2 gnd 
700 1 |a Albrecht, Alexander  |d 1885-1958  |e Komponist  |4 cmp  |0 (DE-603)150255497  |0 (DE-588)116279419  |2 gnd 
700 1 |a Burger, Ludwig  |d 1850-1936  |e Komponist  |4 cmp  |0 (DE-603)151014698  |0 (DE-588)117186112  |2 gnd 
700 1 |a Dohnányi, Ernst von  |d 1877-1960  |e Komponist  |4 cmp  |0 (DE-603)087450186  |0 (DE-588)119110016  |2 gnd 
772 0 8 |i Beigelegt in  |t Hudobný život. Jahrgang 53.2021, Nr. 10  |x 1335-4140 
924 0 |9 Mb 50  |a (DE-603)1173625305  |b DE-Mb50  |c HES  |d c  |g ERes 1146